| 000 | 01519nam a2200361Ia 4500 | ||
|---|---|---|---|
| 001 | ebr10448611 | ||
| 003 | CaPaEBR | ||
| 006 | m u | ||
| 007 | cr cn||||||||| | ||
| 008 | 100830s2011 inua sb s001 0deng d | ||
| 010 | _z 2010035373 | ||
| 020 | _z025322294X (pbk. : alk. paper) | ||
| 020 | _z0253356075 (cloth : alk. paper) | ||
| 020 | _z9780253222947 (pbk. : alk. paper) | ||
| 020 | _z9780253356079 (cloth : alk. paper) | ||
| 020 | _z9780253005052 (ebook) | ||
| 040 |
_aCaPaEBR _cCaPaEBR |
||
| 035 | _a(OCoLC)713809550 | ||
| 050 | 1 | 4 |
_aHT1394.G48 _bG74 2011eb |
| 082 | 0 | 4 |
_a306.3/620922667 _222 |
| 100 | 1 |
_aGreene, Sandra E., _d1952- |
|
| 245 | 1 | 0 |
_aWest African narratives of slavery _h[electronic resource] : _btexts from late nineteenth- and early twentieth-century Ghana / _cSandra E. Greene. |
| 260 |
_aBloomington : _bIndiana University Press, _cc2011. |
||
| 300 |
_axiv, 280 p. : _bill. |
||
| 504 | _aIncludes bibliographical references (p. [263]-275) and index. | ||
| 533 |
_aElectronic reproduction. _bPalo Alto, Calif. : _cebrary, _d2011. _nAvailable via World Wide Web. _nAccess may be limited to ebrary affiliated libraries. |
||
| 650 | 0 |
_aSlave narratives _zGhana _xHistory and criticism. |
|
| 650 | 0 |
_aSlavery _zGhana _xHistory. |
|
| 650 | 0 |
_aSlave trade _zGhana _xHistory. |
|
| 655 | 7 |
_aElectronic books. _2local |
|
| 710 | 2 | _aebrary, Inc. | |
| 856 | 4 | 0 |
_uhttp://site.ebrary.com/lib/rucke/Doc?id=10448611 _zAn electronic book accessible through the World Wide Web; click to view |
| 999 |
_c137786 _d137786 |
||